<?xml version="1.0" encoding="UTF-8"?>
<record
    xmlns:xsi="http://www.w3.org/2001/XMLSchema-instance"
    xsi:schemaLocation="http://www.loc.gov/MARC21/slim http://www.loc.gov/standards/marcxml/schema/MARC21slim.xsd"
    xmlns="http://www.loc.gov/MARC21/slim">

  <leader>00712nam a22002297a 4500</leader>
  <controlfield tag="003">OSt</controlfield>
  <controlfield tag="005">20190613125635.0</controlfield>
  <controlfield tag="008">180221b        xxu||||| |||| 00| 0 spa d</controlfield>
  <datafield tag="040" ind1=" " ind2=" ">
    <subfield code="c">PJ</subfield>
  </datafield>
  <datafield tag="100" ind1=" " ind2=" ">
    <subfield code="a">Abelenda, C&#xE9;sar Augusto</subfield>
    <subfield code="9">2629</subfield>
  </datafield>
  <datafield tag="245" ind1="1" ind2="0">
    <subfield code="a">Derecho civil :</subfield>
    <subfield code="b">parte general /</subfield>
    <subfield code="c">C&#xE9;sar Augusto Abelenda.</subfield>
  </datafield>
  <datafield tag="260" ind1=" " ind2=" ">
    <subfield code="a">Buenos Aires :</subfield>
    <subfield code="b">Astrea, </subfield>
    <subfield code="c">1980.</subfield>
  </datafield>
  <datafield tag="300" ind1=" " ind2=" ">
    <subfield code="a">2 v.</subfield>
    <subfield code="c">23 cm.</subfield>
  </datafield>
  <datafield tag="650" ind1=" " ind2="0">
    <subfield code="a">DERECHO CIVIL</subfield>
    <subfield code="9">352</subfield>
  </datafield>
  <datafield tag="650" ind1=" " ind2="0">
    <subfield code="a">PRINCIPIOS GENERALES DEL DERECHO</subfield>
    <subfield code="9">1676</subfield>
  </datafield>
  <datafield tag="650" ind1=" " ind2="0">
    <subfield code="a">FUENTES DEL DERECHO</subfield>
    <subfield code="9">2630</subfield>
  </datafield>
  <datafield tag="650" ind1=" " ind2="0">
    <subfield code="a">INHABILITACI&#xD3;N (CIVIL)</subfield>
    <subfield code="9">2343</subfield>
  </datafield>
  <datafield tag="650" ind1=" " ind2="0">
    <subfield code="a">NOMBRE</subfield>
    <subfield code="9">2538</subfield>
  </datafield>
  <datafield tag="650" ind1=" " ind2="0">
    <subfield code="a">FIN DE LA EXISTENCIA DE LA PERSONA</subfield>
    <subfield code="9">1274</subfield>
  </datafield>
  <datafield tag="650" ind1=" " ind2="0">
    <subfield code="a">DOMICILIO</subfield>
    <subfield code="9">2631</subfield>
  </datafield>
  <datafield tag="942" ind1=" " ind2=" ">
    <subfield code="2">udc</subfield>
    <subfield code="c">LIB</subfield>
    <subfield code="h">347.1</subfield>
    <subfield code="i">ABE</subfield>
  </datafield>
  <datafield tag="999" ind1=" " ind2=" ">
    <subfield code="c">1714</subfield>
    <subfield code="d">1714</subfield>
  </datafield>
  <datafield tag="952" ind1=" " ind2=" ">
    <subfield code="0">0</subfield>
    <subfield code="1">0</subfield>
    <subfield code="2">udc</subfield>
    <subfield code="4">0</subfield>
    <subfield code="7">0</subfield>
    <subfield code="a">DJS</subfield>
    <subfield code="b">DJS</subfield>
    <subfield code="d">2018-10-24</subfield>
    <subfield code="h">V. 1</subfield>
    <subfield code="o">347.1 ABE</subfield>
    <subfield code="p">0703</subfield>
    <subfield code="r">2018-10-24</subfield>
    <subfield code="w">2018-10-24</subfield>
    <subfield code="y">LIB</subfield>
  </datafield>
  <datafield tag="952" ind1=" " ind2=" ">
    <subfield code="0">0</subfield>
    <subfield code="1">0</subfield>
    <subfield code="2">udc</subfield>
    <subfield code="4">0</subfield>
    <subfield code="7">0</subfield>
    <subfield code="a">DJS</subfield>
    <subfield code="b">DJS</subfield>
    <subfield code="d">2018-10-24</subfield>
    <subfield code="h">V. 2</subfield>
    <subfield code="o">347.1 ABE</subfield>
    <subfield code="p">0704</subfield>
    <subfield code="r">2019-06-13</subfield>
    <subfield code="w">2018-10-24</subfield>
    <subfield code="y">LIB</subfield>
  </datafield>
  <datafield tag="952" ind1=" " ind2=" ">
    <subfield code="0">0</subfield>
    <subfield code="1">0</subfield>
    <subfield code="2">udc</subfield>
    <subfield code="4">0</subfield>
    <subfield code="7">0</subfield>
    <subfield code="a">DJN</subfield>
    <subfield code="b">DJN</subfield>
    <subfield code="d">2018-10-24</subfield>
    <subfield code="h">V. 1</subfield>
    <subfield code="o">347.1 ABE</subfield>
    <subfield code="p">RG 3357</subfield>
    <subfield code="r">2024-11-28</subfield>
    <subfield code="w">2018-10-24</subfield>
    <subfield code="y">LIB</subfield>
  </datafield>
  <datafield tag="952" ind1=" " ind2=" ">
    <subfield code="0">0</subfield>
    <subfield code="1">0</subfield>
    <subfield code="2">udc</subfield>
    <subfield code="4">0</subfield>
    <subfield code="7">0</subfield>
    <subfield code="a">DJN</subfield>
    <subfield code="b">DJN</subfield>
    <subfield code="d">2018-10-24</subfield>
    <subfield code="h">V. 2</subfield>
    <subfield code="o">347.1 ABE</subfield>
    <subfield code="p">RG 3350</subfield>
    <subfield code="r">2024-11-28</subfield>
    <subfield code="w">2018-10-24</subfield>
    <subfield code="y">LIB</subfield>
  </datafield>
</record>
